Stikhotvoreniia. : Komu na Rusi zhit khorosho /

Bibliographic Details
Main Author: Nekrasov, Nikolaĭ Alekseevich, 1821-1878
Format: Book
Language:Russian
Published: Moskva : "Det. lit.,", 1969.
Edition:Izd. 2-e].
Series:Shkolʹnai︠a︡ biblioteka ("Detskai︠a︡ literatura" (Firm))

MARC

Tag First Indicator Second Indicator Subfields
LEADER 00000cam a2200000 4500
001 in00000039864
005 20151007064613.0
008 760119r1969 ru 00000 rusr
010 |a  77507931  
035 |a (OCoLC)01933453 
035 |9 AAE0207AM 
040 |a DLC  |c GYG  |d GYG  |d TXA  |d UtOrBLW 
049 |a TXAM  |c [923230] 
050 0 0 |a PG3337.N4  |b A17 1969b 
092 |a 891.71  |b N319 
100 1 |a Nekrasov, Nikolaĭ Alekseevich,  |d 1821-1878. 
245 1 0 |a Stikhotvoreniia. :  |b Komu na Rusi zhit khorosho /  |c [Vstupit. stat. 
250 |a Izd. 2-e]. 
264 1 |a Moskva :  |b "Det. lit.,",  |c 1969. 
300 |a 287 pages :  |b illustrations ;  |c 22 cm. 
336 |a text  |b txt  |2 rdacontent 
337 |a unmediated  |b n  |2 rdamedia 
338 |a volume  |b nc  |2 rdacarrier 
490 1 |a Shkolnaia biblioteka 
500 |a In Cyrillic characters. 
700 1 2 |a Nekrasov, Nikolaĭ Alekseevich,  |d 1821-1878.  |t Komu na Rusi zhit khorosho.  |f 1969. 
740 0 |a Komu na Rusi zhit khorosho. 
830 0 |a Shkolʹnai︠a︡ biblioteka ("Detskai︠a︡ literatura" (Firm)) 
999 |a MARS 
999 f f |s a3c28aec-7ae3-3773-9a9f-ab49a373b515  |i 221b0dfa-5db5-3467-aaa6-ddd38116bf9d  |t 0 
952 f f |p ric  |a Texas A&M University  |b Rellis Campus  |c Joint Library Facility  |s JLF  |d Remote Storage  |t 0  |e PG3337.N4 A17 1969b  |h Library of Congress classification  |i unmediated -- volume  |m A14803620830 
998 f f |a PG3337.N4 A17 1969b  |t 0  |l Remote Storage